000 00796nam a2200205 a 4500
003 0
005 20250415083357.0
008 970101s19uu xx 00 eng d
050 _aPGS LB 1044.87
_b.G722 2004
100 _aGow, Kevin Stuart Magalong.
245 _aInternet use by 6th Grade student of Southville International School and Colleges /
_cKevin Stuart Magalong Gow.
260 _aLas PiƱas City, Philippines :
_bSouthville International School and Colleges,
_c2004.
300 _a23 pages :
_billustrations ;
_c28 cm.
504 _aIncludes bibliographical references.
650 _aInternet and children.
650 _aInternet in education
_vElementary students.
650 _aInternet
_vSocial aspects.
650 _aStudents
_vComputer and internet use.
942 _2lcc
_cPASS
999 _c96985
_d96985